LEADER 01817oas 2200589 a 450 001 9910700169103321 005 20250623213019.0 035 $a(OCoLC)688568573 035 $a(CONSER) 2011231305 035 $a(CKB)5470000002407274 035 $a(EXLCZ)995470000002407274 100 $a20101202b20062007 ua a 101 0 $aeng 135 $aurbn||||||abp 135 $aurbn||||||ada 181 $ctxt$2rdacontent 182 $cc$2rdamedia 183 $acr$2rdacarrier 200 00$aAssessment of the livestock and poultry industries $e... report 210 $a[Washington, D.C.] $cUnited States Dept. of Agriculture, Grain Inspection, Packers and Stockyards Administration 215 $a2 volumes $cdigital, PDF files 606 $aAnimal industry$zUnited States$vPeriodicals 606 $aPoultry industry$zUnited States$vPeriodicals 606 $aAnimal industry$2fast$3(OCoLC)fst00809238 606 $aPoultry industry$2fast$3(OCoLC)fst01074025 607 $aUnited States$2fast$1https://id.oclc.org/worldcat/entity/E39PBJtxgQXMWqmjMjjwXRHgrq 608 $aPeriodicals.$2fast 608 $aPeriodicals.$2lcgft 615 0$aAnimal industry 615 0$aPoultry industry 615 7$aAnimal industry. 615 7$aPoultry industry. 676 $a338 712 02$aUnited States.$bGrain Inspection, Packers, and Stockyards Administration. 801 0$bOCLCE 801 1$bOCLCE 801 2$bOCLCQ 801 2$bGPO 801 2$bOCLCQ 801 2$bOCLCF 801 2$bDLC 801 2$bOCLCO 801 2$bOCLCQ 801 2$bGILDS 801 2$bOCLCQ 801 2$bOCLCL 801 2$bDOS 801 2$bOCLCL 906 $aJOURNAL 912 $a9910700169103321 996 $aAssessment of the livestock and poultry industries$93543054 997 $aUNINA